I Wish I Was in Dixie Lyrics - Statistics

General Stats
  • This quiz has been taken 27 times
  • The average score is 36 of 44
Answer Stats
Answer % Correct
Dixie
100%
Dixie,
100%
Dixie!
100%
I
100%
in
100%
In
100%
in,
100%
away!
95%
Away,
95%
away,
95%
land
95%
Land.
95%
Land
95%
was
95%
wish
95%
and
90%
die
90%
live
90%
Look
90%
of
90%
the
90%
born
86%
cotton,
86%
down
86%
there
86%
To
86%
not
81%
south
81%
are
76%
forgotten;
76%
my
76%
on
76%
where
76%
take
71%
times
71%
I'll
67%
mornin',
67%
old
67%
stand.
67%
Early
62%
one
52%
frosty
48%
Then
19%
Horray!
14%
No matching quizzes found
Score Distribution
Percent of People with Each Score
Percentile by Number Answered
Your Score History
You have not taken this quiz